Quiz sur les injures vieillottes - Statistiques

Statistiques générales
  • Ce quiz a été pris 76 fois
  • Le résultat moyen est 2 sur 35
Statistiques - réponses
Définition Insulte % Correct
Personne que l'absence de scrupules et de sens moral, rend capable de méfaits divers chenapan
46%
Homme grossier dont les propos ou les manières sont volontairement ou involontairement offensantes goujat
31%
Personne aux mœurs et aux manières grossières malotru
22%
Enfant, adolescent qui se conduit mal voyou
22%
Femme légère, facile, dévergondée gourgandine
13%
Homme pédant, ridicule et vaniteux de son savoir Cuistre ignorant, sans goût; pédantisme de cuistre; faire le cuistre cuistre
12%
Personnage méprisable, vaniteux, malhonnête et sot faquin
10%
(Personne) qui, délibérément, par plaisir ou par méchanceté, abîme, détruit des œuvres d'art, des choses belles ou utiles vandale
9%
Personne malhonnête, fourbe, qui vole autrui par ruse fripon
7%
Individu sans valeur, qui ne sait rien faire de bien gougnafier
6%
Personne qui commet des actions condamnables scélérat
6%
Personne lourde, stupide, grossière butor
4%
Personne chétive, de petite taille; personne insignifiante foutriquet
4%
Qui manque d'éducation, impoli, grossier malappris
4%
Individu grossier, rustre paltoquet
4%
Marin qui exerçait la piraterie pour son propre compte et non pour celui d'un souverain ou d'un gouvernement forban
3%
Personnage grossier ou malhonnête maroufle
3%
Personnage vulgaire, grossier, indélicat mufle
3%
Personne qui est sale, malpropre; dont le comportement suscite le mépris sagouin
3%
Personne avare fesse-mathieu
1%
Synonyme de « co**ard » jean-foutre
1%
Désigne de façon méprisante un homme du peuple ou d'un rang social inférieur à celui du locuteur maraud
1%
Individu grossier, dépourvu de finesse, de délicatesse pignouf
1%
Homme froid et morose, sans humour pisse-froid
1%
Homme ou femme de mauvaise vie ribaud
1%
Homme de rien, sot, importun bélître
0%
Personne (en particulier homme) qui affiche des prétentions à l'élégance faraud
0%
Personne incapable et bornée ganache
0%
Femme malpropre et désagréable gaupe
0%
(Personne) qui est d'une maladresse excessive, d'une timidité ridicule godiche
0%
Homme sot et prétentieux, importun par son comportement bizarre et ridicule olibrius
0%
Personne étrangère aux usages, à la bienséance, à certains aspects de la culture ostrogoth
0%
Personne dont l'attitude physique ou le comportement moral ou intellectuel suscite un profond dégoût pourceau
0%
Synonyme de « prostituée » puterelle
0%
Expression désignant une personne laide et bornée tête de pipe
0%
Aucun quiz correspondant
Distribution des résultats
% des personnes avec chaque résultat
Percentile par nombre de réponses
Votre historique - résultats
Vous n’avez pas pris ce quiz